Tipos más Populares de Queso - Estadísticas

Estadísticas generales
  • Esta prueba ha sido intentada 3.664 veces
  • La puntuación promedio es 8 de 25
Estadísticas de respuestas
# Origen Queso % Correcto
2,810 Inglaterra Cheddar
72%
1,490 Italia Mozzarella
69%
2,660 Italia Parmesano
69%
387 Francia Roquefort
59%
718 España Manchego
57%
1,240 Países Bajos Gouda
56%
1,380 Francia Brie
49%
431 Francia Camembert
44%
1,420 Grecia Feta
44%
1,250 Suiza Gruyer
37%
1,140 Italia Gorgonzola
31%
1,500 Italia Romano
22%
400 Italia Provolone
21%
324 Dinamarca Havarti
17%
8,220 Inglaterra Crema
16%
1,230 Italia Mascarpone
16%
693 Italia Ricota
16%
1,700 Estados Unidos Suizo
16%
458 Inglaterra Stilton
11%
2,110 No se conoce Cottage
10%
575 Estados Unidos Monterrey Jack
7%
358 Francia Muenster
5%
1,320 Italia Asiago
4%
1,700 Estados Unidos Pepper Jack
4%
557 Estados Unidos Colby
3%
No se encontraron pruebas coincidentes
Distribución de puntuación
Porcentaje de gente con cada puntuación
Porcentaje por número respondido
Historial de tus puntuaciones
No has intentado esta prueba.